00853nam a22001937a 4500001000500000005001700005020001800022040002900040082000800069100001400077245007000091250001800161260003800179300002300217505000700240520036900247521002600616521001700642281920240116102516.0 a9789814615907 aFISKHbengcFISKHdFISKH aFic aLOW A. J. aSherlock Sam and the comic book caper in New York /bBy A. J. Low aFirst Edition aSingapore :bEpigram Books,c2016 a187 pages :c22 cm aO  aThe Supper Club are attending the San Diego Comic-con when a piece of experimental technology is stolen by a real-life superhero turned real-life supervillain! Will Sherlock Sam, Watson and the rest of the gang be able to rush across the country to rescue the priceless technology from the clutches of this evil-doer? Or is this the end of the world as we know it? a700 bLexile estimate aO bRaz-Plus